An improved analytical model for wireless power transfer using renewable energy and hybrid power management /
Saved in:
| Main Author: | |
|---|---|
| Format: | Thesis Book |
| Language: | English |
| Published: |
2013.
|
| Subjects: | |
| Tags: |
Add Tag
No Tags, Be the first to tag this record!
|
| LEADER | 01288cam a2200301 a 4500 | ||
|---|---|---|---|
| 001 | u887777 | ||
| 003 | SIRSI | ||
| 005 | 201309090951 | ||
| 008 | 130909s2013 my a t 000 0 eng m | ||
| 040 | |a UMM |d UMJ | ||
| 090 | |a TK7 |b UM 2013 Ano | ||
| 097 | |a TK7 |b UM 2013 Ano | ||
| 100 | 1 | |a Anowar, Tanbir Ibne. | |
| 245 | 1 | 2 | |a An improved analytical model for wireless power transfer using renewable energy and hybrid power management / |c Tanbir Ibne Anowar. |
| 260 | |c 2013. | ||
| 300 | |a xvii, 69 leaves : |b ill. ; |c 30 cm. | ||
| 502 | |a Dissertation (M.Eng.) -- Jabatan Kejuruteraan Elektrik, Fakulti Kejuruteraan, Universiti Malaya, 2013. | ||
| 504 | |a Bibliography: leaves 63-64. | ||
| 650 | 0 | |a Wireless sensor networks. | |
| 650 | 0 | |a Wireless communication systems. | |
| 650 | 0 | |a Renewable energy sources. | |
| 650 | 0 | |a Hybrid power systems. | |
| 710 | 2 | |a Universiti Malaya. |b Jabatan Kejuruteraan Elektrik. | |
| 900 | |a AT-ZA | ||
| 596 | |a 1 7 | ||
| 999 | |a TK7 UM 2013 ANO |w LC |c 1 |i A515670955 |d 15/11/2016 |e 15/11/2016 |f 18/11/2013 |g 1 |l STACKS |m P01UTAMA |n 1 |r Y |s Y |t TESIS |u 13/11/2013 | ||
| 999 | |a TK7 UM 2013 ANO |w LC |c 1 |i A515967964 |d 13/11/2014 |f 13/11/2014 |g 1 |l STACKS |m P07JURUTER |r N |s Y |t TESIS |u 13/11/2014 | ||
| 999 | |a TK7 UM 2013 ANO |w LC |c 2 |i A515967995 |l COUNTER |m P07JURUTER |r N |s Y |t CD |u 13/11/2014 | ||
